| 000 | 00637cam3a220020500 4500 | ||
|---|---|---|---|
| 001 | tmp15936468 | ||
| 003 | UPRA | ||
| 005 | 20190819121833.0 | ||
| 008 | 951114s1993 sw eng u | ||
| 035 | _a(Sirsi) r48806 | ||
| 035 | _a(UPRA)tmp15936468 | ||
| 040 | _cUPRA | ||
| 050 | _aQH 541.5F6 CHI 1993 | ||
| 100 | 1 |
_aChiduymays, Emmanuel N. _6A6849.1 |
|
| 245 | 1 | 0 |
_aResponses of Miombo to harvesting : _becology and management / _cEmmanuel N. Chidumays. |
| 260 |
_aStockholm : _bEnvironment Institute, _c1993. |
||
| 949 |
_mMAIN _tBOOK _lON-SHELF |
||
| 004 | 48806 | ||
| 987 |
_aImage : unreadable? _bbottom half of card unreadable. |
||
| 999 |
_c111460 _d111460 |
||